| 000 | 00836nam a2200229 i 4500 | ||
|---|---|---|---|
| 001 | 91058 | ||
| 003 | ES-MaACL | ||
| 005 | 20251118191408.0 | ||
| 007 | t| | ||
| 008 | 050126s1958 sp ||||1| spa d | ||
| 100 | 1 |
_aLeón Pinelo, Antonio de. _971636 |
|
| 245 | 1 | 0 |
_aRelación sobre la pacificación de las provincias del Manché i Lacandon / _cpor Antonio de León Pinelo ; con una introducción por Jaime Delgado. |
| 250 | _a2ª ed. | ||
| 260 |
_aMadrid : _bJosé Porrúa Turanzas, _c1958 ( _fMinerva) |
||
| 300 |
_aXXXII, 44 p. ; _c16 cm. |
||
| 650 | 4 |
_aMayas. _9146359 |
|
| 651 | 4 |
_aGuatemala- _xDescubrimientos y exploraciones- _xEspañoles. _9168245 |
|
| 651 | 4 |
_aGuatemala- _xHistoria- _yHasta 1821. _98803 |
|
| 700 | 1 |
_aDelgado, Jaime, _d1923-1993 _9168244 |
|
| 852 |
_aES-MaACL _jC-18109 _bR.43672 |
||
| 999 |
_c91058 _d91058 |
||